[Event "Burjassot U2200 op 5th"]
[Site "Burjassot"]
[Date "2017.10.06"]
[Round "5"]
[White "Gomez Cadenas, Juan Jose"]
[Black "Vigliaroli, Matteo Luigi"]
[Result "0-1"]
[WhiteElo "1410"]
[BlackElo "1584"]
[PlyCount "120"]
[EventDate "2017.09.08"]
[EventType "swiss"]
[EventRounds "7"]
[EventCountry "ESP"]
[SourceTitle "EXT 2024"]
[Source "ChessBase"]
[SourceDate "2023.10.10"]
[SourceVersion "1"]
[SourceVersionDate "2023.10.10"]
[SourceQuality "1"]

1. e4 e6 2. d3 d5 3. Nd2 Nf6 4. Qe2 Be7 5. Ngf3 0-0 6. g3 c5 7. e5 Nfd7 8. d4 Nc6 9. c3 cxd4 10. cxd4 Qb6 11. Nb3 Na5 12. Nxa5 Qxa5+ 13. Bd2 Qd8 14. Bh3 Nb6 15. b3 Bd7 16. 0-0 a6 17. Rac1 Bb5 18. Qe3 Ba3 19. Rc2 Qe7 20. Ba5 Nd7 21. Rc7 Bc6 22. Qc3 Rfc8 23. Rxc8+ Rxc8 24. Qd2 b6 25. Bc3 a5 26. Rb1 Bb7 27. Ne1 Qe8 28. Nd3 Be7 29. f4 Qd8 30. f5 Nf8 31. b4 Qc7 32. Rb3 axb4 33. Nxb4 Bxb4 34. Bxb4 Qc1+ 35. Qxc1 Rxc1+ 36. Kg2 Ba6 37. Bxf8 Kxf8 38. Rxb6 Bf1+ 39. Kf2 Bxh3 40. fxe6 fxe6 41. Rb8+ Kf7 42. Ke3 Rc2 43. a4 Rxh2 44. Kd3 Ra2 45. Rb7+ Kg6 46. Ra7 Ra3+ 47. Kc2 Rxg3 48. Kb2 Bf1 49. a5 Rd3 50. Re7 Rxd4 51. Rxe6+ Kf7 52. Rd6 h5 53. a6 Bxa6 54. Rxa6 g5 55. Rf6+ Ke7 56. Rg6 Rg4 57. Rf6 h4 58. Rd6 Rd4 59. Kc3 Rc4+ 60. Kd3 h3 0-1

[Event "Sueca op 1st"]
[Site "Sueca"]
[Date "2015.08.02"]
[Round "8"]
[White "Bartroli Tejada, Marc"]
[Black "Vigliaroli, Matteo Luigi"]
[Result "0-1"]
[WhiteElo "1280"]
[BlackElo "1637"]
[PlyCount "57"]
[EventDate "2015.07.27"]
[EventType "swiss"]
[EventRounds "8"]
[EventCountry "ESP"]
[SourceTitle "EXT 2017"]
[Source "ChessBase"]
[SourceDate "2016.10.25"]
[SourceVersion "1"]
[SourceVersionDate "2016.10.25"]
[SourceQuality "1"]

1. d4 e6 2. c4 Nf6 3. Nc3 d5 4. Nf3 Bb4 5. a3 Bxc3+ 6. bxc3 0-0 7. e3 b6 8. Be2 dxc4 9. Bxc4 Bb7 10. 0-0 Nbd7 11. Nd2 c5 12. Bb2 Rc8 13. Be2 Qc7 14. h3 Rfd8 15. f3 Nd5 16. Qe1 Nxe3 17. Qc1 Nxf1 18. Qxf1 cxd4 19. cxd4 Qf4 20. Ne4 Bxe4 21. fxe4 Qxe4 22. Kh1 Qc2 23. Bc1 Nf6 24. Qf3 Qc3 25. Qxc3 Rxc3 26. Ba6 Ne4 27. Bb2 Rc2 28. Ra2 Nd2 29. Kh2 0-1

[Event "Valencia Burjassot U2200 op 2nd"]
[Site "Valencia"]
[Date "2014.10.03"]
[Round "4.6"]
[White "Vigliaroli, Matteo Luigi"]
[Black "Cebrian Flores, Juan Antonio"]
[Result "1/2-1/2"]
[WhiteElo "1652"]
[BlackElo "2000"]
[PlyCount "20"]
[EventDate "2014.09.12"]
[EventType "swiss"]
[EventRounds "7"]
[EventCountry "ESP"]
[SourceTitle "EXT 2024"]
[Source "ChessBase"]
[SourceDate "2023.10.10"]
[SourceVersion "1"]
[SourceVersionDate "2023.10.10"]
[SourceQuality "1"]

1. e4 c5 2. c3 Nf6 3. e5 Nd5 4. d4 cxd4 5. cxd4 d6 6. f4 e6 7. Nc3 Nxc3 8. bxc3 dxe5 9. fxe5 Qh4+ 10. g3 Qe4+ 1/2-1/2

[Event "Provincial-ch Valencia Primera"]
[Site "Valencia"]
[Date "2010.10.02"]
[Round "1.14"]
[White "Torres Curado, Ruben"]
[Black "Vigliaroli, Matteo Luigi"]
[Result "0-1"]
[WhiteElo "1808"]
[BlackElo "1627"]
[PlyCount "68"]
[EventDate "2010.10.02"]
[EventType "swiss"]
[EventRounds "7"]
[EventCountry "ESP"]
[SourceTitle "EXT 2024"]
[Source "ChessBase"]
[SourceDate "2023.10.10"]
[SourceVersion "1"]
[SourceVersionDate "2023.10.10"]
[SourceQuality "1"]

1. d4 e6 2. c4 d5 3. Nc3 Nf6 4. Nf3 c6 5. e3 Nbd7 6. Bd3 dxc4 7. Bxc4 Nd5 8. e4 Nxc3 9. bxc3 Nf6 10. Bd3 Be7 11. 0-0 b6 12. Qc2 Bb7 13. e5 Nd5 14. a3 b5 15. Bb2 h6 16. Rad1 0-0 17. Nd2 Rc8 18. Ne4 Nf4 19. Be2 Nxe2+ 20. Qxe2 Qd5 21. f4 c5 22. Ng3 cxd4 23. cxd4 Rc4 24. f5 Bg5 25. Rd3 Rfc8 26. Qf3 Qd7 27. fxe6 fxe6 28. Qg4 Rc2 29. Rf2 Rxf2 30. Kxf2 Rc2+ 31. Ne2 Rxb2 32. h4 Qf7+ 33. Kg3 Rxe2 34. Rf3 Bxf3 0-1

[Event "Valencia Provincial CA"]
[Site "Valencia"]
[Date "2009.01.31"]
[Round "4.1"]
[White "Vigliaroli, Matteo Luigi"]
[Black "Muela Gil, Jose Vicente"]
[Result "0-1"]
[WhiteElo "1676"]
[BlackElo "2009"]
[PlyCount "48"]
[EventDate "2009.01.10"]
[EventType "team-tourn"]
[EventRounds "4"]
[EventCountry "ESP"]
[SourceTitle "EXT 2011"]
[Source "ChessBase"]
[SourceDate "2010.11.26"]
[SourceVersion "1"]
[SourceVersionDate "2010.11.26"]
[SourceQuality "1"]

1. e4 e5 2. Nf3 Nc6 3. d4 exd4 4. Nxd4 Bc5 5. Nxc6 Qf6 6. Qd2 Qxc6 7. Nc3 Bb4 8. Bd3 Bxc3 9. bxc3 Nf6 10. f3 d6 11. 0-0 Be6 12. Bb2 Qb6+ 13. Qf2 Qxb2 14. Rab1 Qxc3 15. Rxb7 0-0 16. Rxa7 Bxa2 17. Rxa8 Rxa8 18. f4 Bc4 19. Qf3 Bxd3 20. cxd3 Ra1 21. e5 Qd4+ 22. Kh1 Rxf1+ 23. Qxf1 dxe5 24. Qb1 h6 0-1

[Event "Turbigo op"]
[Site "Turbigo"]
[Date "2008.05.10"]
[Round "3"]
[White "Vigliaroli, Matteo Luigi"]
[Black "Madaschi, Sergio"]
[Result "1-0"]
[WhiteElo "1604"]
[BlackElo "1609"]
[PlyCount "75"]
[EventDate "2008.05.08"]
[EventType "swiss"]
[EventRounds "5"]
[EventCountry "ITA"]
[SourceTitle "EXT 2011"]
[Source "ChessBase"]
[SourceDate "2010.11.26"]
[SourceVersion "1"]
[SourceVersionDate "2010.11.26"]
[SourceQuality "1"]

1. e4 d6 2. d4 g6 3. f4 Bg7 4. Nf3 Bg4 5. Be2 Nf6 6. e5 dxe5 7. fxe5 Nd5 8. 0-0 0-0 9. c3 c6 10. Na3 b5 11. Nc2 Qb6 12. Ne3 Nxe3 13. Bxe3 Bxf3 14. Bxf3 Bxe5 15. Qd2 Bg7 16. Rae1 e6 17. d5 Qc7 18. dxe6 fxe6 19. Bd4 e5 20. Be3 Nd7 21. Bg5 Nf6 22. Qe2 Rfe8 23. Qc2 Rad8 24. a4 a6 25. Kh1 Rd7 26. Qb3+ Kh8 27. Bxf6 Bxf6 28. Bg4 Rd6 29. axb5 cxb5 30. Re2 Kg7 31. Ref2 Qd8 32. c4 bxc4 33. Qxc4 Rd4 34. Qe2 Rd6 35. Qc2 Re7 36. Qa4 Qb6 37. Qa3 a5 38. Rxf6 1-0

[Event "Pedavena op-B 2nd"]
[Site "Pedavena"]
[Date "2006.08.03"]
[Round "4"]
[White "Azzinaro, Luca"]
[Black "Vigliaroli, Matteo Luigi"]
[Result "0-1"]
[WhiteElo "1404"]
[BlackElo "1463"]
[PlyCount "57"]
[EventDate "2006.08.01"]
[EventType "swiss"]
[EventRounds "7"]
[EventCountry "ITA"]
[SourceTitle "EXT 2023"]
[Source "ChessBase"]
[SourceDate "2022.10.05"]
[SourceVersion "1"]
[SourceVersionDate "2022.10.05"]
[SourceQuality "1"]

1. e4 c5 2. c3 Nc6 3. d4 cxd4 4. cxd4 e6 5. Nf3 Nf6 6. Bg5 Qa5+ 7. Bd2 Bb4 8. Nc3 0-0 9. a3 Bxc3 10. Bxc3 Qb6 11. Bd3 d6 12. 0-0 e5 13. dxe5 dxe5 14. Nxe5 Nxe5 15. Bxe5 Re8 16. Bxf6 Qxf6 17. Qb3 Qg6 18. Rfe1 Bh3 19. g3 Qf6 20. Bc4 Rad8 21. Bf1 Bxf1 22. Kxf1 Rd2 23. Re2 Qa6 24. Qf3 Red8 25. Rc1 b6 26. Ke1 R2d3 27. Re3 g6 28. Rxd3 Rxd3 29. Rc7 0-1